000 00284nam a22001217a 4500
008 181011b xxu||||| |||| 00| 0 eng d
041 _aeng
080 _a159.9
100 _a49
101 _aPSI
245 _aPsychological Development in Health and Disease
_cEngel
942 _2udc
_cBK
999 _c49363
_d49363